[Event "IPCA Wch 15th"]
[Site "Bratislava"]
[Date "2015.06.22"]
[Round "5"]
[White "Kestlane, Harry"]
[Black "Kurochkina, Elena"]
[Result "1/2-1/2"]
[WhiteElo "1776"]
[BlackElo "1798"]
[PlyCount "30"]
[EventDate "2015.06.19"]
[EventType "swiss"]
[EventRounds "9"]
[EventCountry "SVK"]
[SourceTitle "CBM 167 Extra"]
[Source "ChessBase"]
[SourceDate "2015.09.14"]
[SourceVersion "1"]
[SourceVersionDate "2015.09.14"]
[SourceQuality "1"]

1. e4 e6 2. d4 d5 3. Nc3 Bb4 4. e5 c5 5. a3 Bxc3+ 6. bxc3 Qc7 7. Nf3 Bd7 8. a4 Nc6 9. h4 Nge7 10. g3 cxd4 11. cxd4 Nb4 12. Bd3 Qc3+ 13. Bd2 Nxd3+ 14. Ke2 Nxf2 15. Kxf2 Qc4 1/2-1/2

[Event "RUS IPCA-ch"]
[Site "Nalchik"]
[Date "2015.05.07"]
[Round "8"]
[White "Kurochkina, Elena"]
[Black "Shumsky, Vladimir"]
[Result "1/2-1/2"]
[WhiteElo "1776"]
[BlackElo "1867"]
[PlyCount "157"]
[EventDate "2015.04.30"]
[EventType "swiss"]
[EventRounds "9"]
[EventCountry "RUS"]
[SourceTitle "EXT 2018"]
[Source "ChessBase"]
[SourceDate "2017.10.13"]
[SourceVersion "1"]
[SourceVersionDate "2017.10.13"]
[SourceQuality "1"]

1. d4 d5 2. c4 c6 3. Nf3 Nf6 4. e3 e6 5. Nc3 Bb4 6. Qc2 Nbd7 7. Bd3 0-0 8. 0-0 Re8 9. a3 Bd6 10. cxd5 exd5 11. b4 a6 12. Na4 Ne4 13. Nc5 f5 14. Bb2 g6 15. a4 Qe7 16. Ba3 Qf8 17. Rfc1 Qh6 18. b5 axb5 19. axb5 Nexc5 20. Bxc5 Rxa1 21. Rxa1 Nxc5 22. dxc5 Bc7 23. Ra8 Qg7 24. bxc6 bxc6 25. Nd4 Qe5 26. g3 Bd7 27. Rxe8+ Qxe8 28. Ne2 Qb8 29. Nd4 Qb4 30. Kg2 Ba5 31. Nb3 Bc7 32. Qa2 Kf7 33. Qc2 Bd8 34. f3 Qa3 35. e4 Bf6 36. exd5 cxd5 37. c6 Bc8 38. Nc5 Bd4 39. Nb7 Kg7 40. h4 Qa1 41. Bf1 Qa3 42. Qe2 Qf8 43. Qd3 Qf6 44. Qc2 Bc3 45. Bb5 Be5 46. f4 Bc7 47. Nc5 Qe7 48. Nd7 Qe4+ 49. Qxe4 dxe4 50. Kf2 Kf7 51. Ke3 Ke7 52. Kd4 Bxd7 53. cxd7 Bb6+ 54. Ke5 Bf2 55. h5 Bxg3 56. hxg6 hxg6 57. Be2 Bh4 58. Bb5 Bf6+ 59. Kd5 Bc3 60. Kc5 Ba5 61. Bc4 e3 62. Be2 Kd8 63. Kd6 Bc7+ 64. Ke6 Bxf4 65. Kf6 g5 66. Kxf5 Kxd7 67. Kg4 Ke6 68. Bd3 Ke5 69. Be2 Kd4 70. Kf3 Kc3 71. Ba6 Kd2 72. Bb5 Ke1 73. Ba6 Kd2 74. Bb5 Be5 75. Ba6 Bf4 76. Bb5 Kc3 77. Ba6 Kd4 78. Be2 Ke5 79. Kg4 1/2-1/2

[Event "RUS IPCA-ch"]
[Site "Nalchik"]
[Date "2015.05.05"]
[Round "6"]
[White "Kurochkina, Elena"]
[Black "Grunina, Engelsina"]
[Result "1-0"]
[WhiteElo "1776"]
[BlackElo "1468"]
[PlyCount "139"]
[EventDate "2015.04.30"]
[EventType "swiss"]
[EventRounds "9"]
[EventCountry "RUS"]
[SourceTitle "EXT 2018"]
[Source "ChessBase"]
[SourceDate "2017.10.13"]
[SourceVersion "1"]
[SourceVersionDate "2017.10.13"]
[SourceQuality "1"]

1. d4 Nf6 2. c4 g6 3. Nc3 d5 4. cxd5 Nxd5 5. e4 Nf6 6. Nf3 Bg7 7. Bc4 0-0 8. 0-0 a6 9. e5 Ne8 10. Ng5 e6 11. Be3 b5 12. Qf3 c6 13. Bd3 Bb7 14. Nge4 Nc7 15. Nd6 Bc8 16. Nxc8 Qxc8 17. Ne4 Nd5 18. Bg5 Nd7 19. Nd6 Qc7 20. Qh3 N7b6 21. Rac1 Nc8 22. Ne4 h5 23. Nc5 Re8 24. Be4 Qb6 25. Rfd1 Ra7 26. Qf3 Rf8 27. Qg3 Kh7 28. Qh4 Rc7 29. Qxh5+ Kg8 30. Qg4 Nce7 31. Qh3 Nf5 32. Bxf5 gxf5 33. a3 Ra7 34. Rd3 f6 35. exf6 Bxf6 36. Bxf6 Rxf6 37. Rg3+ Rg7 38. Rxg7+ Kxg7 39. Nd7 Qxd4 40. Nxf6 Qxf6 41. Qg3+ Kh6 42. b4 e5 43. h4 Kh7 44. Rc5 Nf4 45. Qg5 Qe6 46. g3 Nh3+ 47. Kg2 Nxg5 48. hxg5 Kg7 49. f4 exf4 50. gxf4 Kf7 51. Kg3 Qg6 52. Kf3 Ke7 53. Ke3 Kd6 54. Kd4 Qe6 55. Re5 Qc4+ 56. Ke3 Qc3+ 57. Kf2 Qxa3 58. Rxf5 Qb2+ 59. Kg3 Qxb4 60. Kg4 Qe4 61. Re5 Qxe5 62. fxe5+ Ke6 63. g6 b4 64. g7 Kf7 65. Kf5 Kxg7 66. Ke6 Kf8 67. Kd7 b3 68. e6 b2 69. e7+ Kf7 70. e8Q+ 1-0

[Event "RUS IPCA-ch"]
[Site "Nalchik"]
[Date "2015.05.01"]
[Round "2"]
[White "Kurochkina, Elena"]
[Black "Olshansky, Alexander"]
[Result "1/2-1/2"]
[WhiteElo "1776"]
[BlackElo "2147"]
[PlyCount "72"]
[EventDate "2015.04.30"]
[EventType "swiss"]
[EventRounds "9"]
[EventCountry "RUS"]
[SourceTitle "EXT 2018"]
[Source "ChessBase"]
[SourceDate "2017.10.13"]
[SourceVersion "1"]
[SourceVersionDate "2017.10.13"]
[SourceQuality "1"]

1. d4 Nf6 2. c4 c5 3. d5 g6 4. Nc3 d6 5. e4 Bg7 6. Bd3 0-0 7. Nf3 Na6 8. 0-0 Nc7 9. Rb1 e5 10. Qc2 Qe7 11. b4 cxb4 12. Rxb4 Na6 13. Rb1 Nh5 14. Re1 Nf4 15. Bf1 f5 16. Bxf4 exf4 17. exf5 Qf6 18. Ne4 Qxf5 19. Bd3 Qd7 20. Neg5 Nc5 21. Bf1 Qc7 22. Rbd1 h6 23. Ne6 Bxe6 24. dxe6 g5 25. Nd4 Rae8 26. Nb5 Qb8 27. Nxd6 Rxe6 28. Rxe6 Nxe6 29. Nf5 Qc7 30. Qe4 Nc5 31. Qd5+ Kh8 32. Nxg7 Kxg7 33. Qd4+ Kg8 34. Qd5+ Kg7 35. Qd4+ Kg8 36. Qd5+ Kg7 1/2-1/2

[Event "RUS IPCA-ch"]
[Site "Nalchik"]
[Date "2015.04.30"]
[Round "1"]
[White "Kuprin, Vladimir"]
[Black "Kurochkina, Elena"]
[Result "1/2-1/2"]
[WhiteElo "2099"]
[BlackElo "1776"]
[PlyCount "154"]
[EventDate "2015.04.30"]
[EventType "swiss"]
[EventRounds "9"]
[EventCountry "RUS"]
[SourceTitle "EXT 2018"]
[Source "ChessBase"]
[SourceDate "2017.10.13"]
[SourceVersion "1"]
[SourceVersionDate "2017.10.13"]
[SourceQuality "1"]

1. e4 c5 2. Nf3 Nc6 3. d4 cxd4 4. Nxd4 e5 5. Nb5 a6 6. Nd6+ Bxd6 7. Qxd6 Qe7 8. Qd1 Nf6 9. Nc3 d6 10. Bc4 Be6 11. Bb3 Bxb3 12. axb3 0-0 13. Bg5 Qe6 14. 0-0 Rac8 15. Re1 Nd4 16. Bxf6 Qxf6 17. Nd5 Qe6 18. c3 Nb5 19. Re3 f5 20. exf5 Rxf5 21. f3 Rf7 22. Qd2 Nc7 23. Rd3 Nb5 24. Rd1 Rd8 25. b4 Qc8 26. Qg5 Re8 27. Qe3 Qc4 28. Qe4 Qxe4 29. fxe4 Ref8 30. g3 Rf2 31. R3d2 Rxd2 32. Rxd2 Rf7 33. Ne3 Kf8 34. Nf5 Rd7 35. c4 g6 36. cxb5 gxf5 37. Rf2 Ke7 38. Rxf5 Ke6 39. Rh5 Rf7 40. b6 Kd7 41. b5 axb5 42. b4 Kc6 43. Rh6 Kd7 44. Kg2 Kc6 45. h4 Rd7 46. g4 Kxb6 47. g5 Kc7 48. Kf3 Rf7+ 49. Ke3 Rg7 50. Kf3 Rf7+ 51. Kg4 Kd7 52. h5 Ke7 53. g6 Rf4+ 54. Kg5 hxg6 55. Rxg6 Rf1 56. Rg7+ Ke6 57. Rxb7 Rg1+ 58. Kh6 Rg4 59. Rxb5 Rxe4 60. Kg5 Re1 61. Rb8 Rg1+ 62. Kh6 e4 63. b5 Kd7 64. b6 e3 65. b7 Rb1 66. Rc8 Rxb7 67. Rc3 e2 68. Re3 d5 69. Rxe2 Kd6 70. Kg6 d4 71. h6 Kd5 72. h7 Rb8 73. Rh2 d3 74. h8Q Rxh8 75. Rxh8 Ke4 76. Kg5 d2 77. Rd8 Ke3 1/2-1/2

[Event "IPCA Wch 14th"]
[Site "Apatin"]
[Date "2014.09.18"]
[Round "4"]
[White "Kurochkina, Elena"]
[Black "Aleksandrova, Aleksandra"]
[Result "1-0"]
[WhiteElo "1768"]
[BlackElo "1947"]
[PlyCount "57"]
[EventDate "2014.09.16"]
[EventType "swiss"]
[EventRounds "9"]
[EventCountry "SRB"]
[SourceTitle "CBM 162 Extra"]
[Source "ChessBase"]
[SourceDate "2014.10.17"]
[SourceVersion "1"]
[SourceVersionDate "2014.10.17"]
[SourceQuality "1"]

1. d4 d5 2. c4 e6 3. Nc3 Nf6 4. cxd5 exd5 5. Bg5 Be7 6. e3 0-0 7. Bd3 c6 8. Qc2 g6 9. Nf3 Na6 10. a3 Qa5 11. 0-0 Qd8 12. Ne5 Nc7 13. Rfd1 Ne6 14. Bh6 Re8 15. Ne2 Bf8 16. Bxf8 Nxf8 17. Rac1 Ng4 18. Nf3 Qf6 19. Ng3 h5 20. h3 Nh6 21. Ne5 h4 22. Nf1 g5 23. Nh2 Qe6 24. Qe2 f6 25. Neg4 f5 26. Ne5 g4 27. hxg4 fxg4 28. e4 dxe4 29. Bc4 1-0

[Event "IPCA Wch 14th"]
[Site "Apatin"]
[Date "2014.09.17"]
[Round "3"]
[White "Kurochkina, Elena"]
[Black "Diachina, Olga"]
[Result "1-0"]
[WhiteElo "1768"]
[BlackElo "1607"]
[PlyCount "37"]
[EventDate "2014.09.16"]
[EventType "swiss"]
[EventRounds "9"]
[EventCountry "SRB"]
[SourceTitle "CBM 162 Extra"]
[Source "ChessBase"]
[SourceDate "2014.10.17"]
[SourceVersion "1"]
[SourceVersionDate "2014.10.17"]
[SourceQuality "1"]

1. d4 d6 2. c4 e5 3. Nc3 Nd7 4. e3 Be7 5. Nf3 Ngf6 6. Qc2 c6 7. Be2 Qc7 8. 0-0 Nf8 9. h3 Ng6 10. b3 0-0 11. Bb2 Bd7 12. Rac1 Rac8 13. Ba3 h6 14. Qb1 Be6 15. d5 cxd5 16. cxd5 Nxd5 17. Nxd5 Qa5 18. Nxe7+ Nxe7 19. Bxd6 1-0

[Event "Olympiad Women-41"]
[Site "Tromsoe"]
[Date "2014.08.14"]
[Round "11.3"]
[White "Kurochkina, Elena"]
[Black "Bejatovic, Bojana"]
[Result "0-1"]
[WhiteElo "1797"]
[BlackElo "1980"]
[PlyCount "32"]
[EventDate "2014.08.02"]
[EventType "team-swiss"]
[EventRounds "11"]
[EventCountry "NOR"]
[SourceTitle "CBM 162"]
[Source "ChessBase"]
[SourceDate "2014.09.17"]
[SourceVersion "1"]
[SourceVersionDate "2014.09.17"]
[SourceQuality "1"]
[WhiteTeam "IPCA (W)"]
[BlackTeam "Macedonia (W)"]
[BlackTeamCountry "MKD"]

1. d4 f5 2. h3 d6 3. c4 Nf6 4. g4 fxg4 5. hxg4 Bxg4 6. Bh3 Qd7 7. Qb3 c6 8. Bf4 Na6 9. Nd2 0-0-0 10. 0-0-0 g6 11. e4 e5 12. dxe5 Nc5 13. Qc2 dxe5 14. Bxe5 Nd3+ 15. Kb1 Nxe5 16. Qc3 Qd3+ 0-1

[Event "Olympiad Women-41"]
[Site "Tromsoe"]
[Date "2014.08.05"]
[Round "4.2"]
[White "Kurochkina, Elena"]
[Black "Puuska, Heini"]
[Result "1-0"]
[WhiteElo "1797"]
[BlackElo "1975"]
[PlyCount "99"]
[EventDate "2014.08.02"]
[EventType "team-swiss"]
[EventRounds "11"]
[EventCountry "NOR"]
[SourceTitle "CBM 162"]
[Source "ChessBase"]
[SourceDate "2014.09.17"]
[SourceVersion "1"]
[SourceVersionDate "2014.09.17"]
[SourceQuality "1"]
[WhiteTeam "IPCA (W)"]
[BlackTeam "Finland (W)"]
[BlackTeamCountry "FIN"]

1. d4 g6 2. c4 Bg7 3. Nc3 d6 4. e4 e5 5. Nf3 Nc6 6. d5 Nce7 7. Be2 f5 8. 0-0 Nf6 9. Nd2 0-0 10. f4 exf4 11. Rxf4 c6 12. Qf1 Bh6 13. Rf3 Ng4 14. exf5 Ne3 15. Qf2 Nc2 16. Nb3 Rxf5 17. Bxh6 Nxa1 18. Nxa1 Qb6 19. Qxb6 axb6 20. Be3 b5 21. cxb5 cxd5 22. Nb3 Bd7 23. Nd4 Rxf3 24. Bxf3 Kg7 25. Bf4 g5 26. Bxg5 Ng6 27. Bxd5 Ne5 28. Be4 Nc4 29. Bc1 Re8 30. Kf2 Rf8+ 31. Nf3 b6 32. Kg3 Be6 33. Nd4 Bf7 34. b3 Ne5 35. Nf5+ Kf6 36. Nxd6 Rg8+ 37. Kf2 Ng4+ 38. Kg1 Bg6 39. Bc6 Ke5 40. Nc4+ Kd4 41. Ne2+ Kd3 42. Bf3 Be8 43. h3 Nf6 44. Bb2 Nd7 45. Nf4+ Kc2 46. Be4+ Kd1 47. Bxh7 Rf8 48. g3 Nf6 49. Bd3 Bh5 50. Bxf6 1-0

[Event "RUS IPCA-ch"]
[Site "Nalchik"]
[Date "2014.05.09"]
[Round "9"]
[White "Nikitenko, Sergey"]
[Black "Kurochkina, Elena"]
[Result "1-0"]
[WhiteElo "1908"]
[BlackElo "1805"]
[PlyCount "53"]
[EventDate "2014.05.01"]
[EventType "swiss"]
[EventRounds "9"]
[EventCountry "RUS"]
[SourceTitle "CBM 160 Extra"]
[Source "ChessBase"]
[SourceDate "2014.07.01"]
[SourceVersion "1"]
[SourceVersionDate "2014.07.01"]
[SourceQuality "1"]

1. d4 e6 2. c4 f5 3. Nf3 Nf6 4. g3 d5 5. Bg2 c6 6. cxd5 exd5 7. 0-0 Bd6 8. Nc3 0-0 9. e3 Ne4 10. Qb3 Kh8 11. Ne2 Nd7 12. Nf4 Qe7 13. h4 Ndf6 14. Qc2 Bd7 15. a3 Be8 16. b3 Rg8 17. Bh3 Bxf4 18. exf4 g6 19. Ne5 Rc8 20. b4 Nh5 21. Kh2 h6 22. Rg1 Rc7 23. Be3 Nhf6 24. f3 Nxg3 25. Rxg3 Kh7 26. Qg2 Rg7 27. Rg1 1-0

[Event "IPCA Wch-A 13th"]
[Site "Velke Losiny"]
[Date "2013.06.23"]
[Round "7"]
[White "Kurochkina, Elena"]
[Black "Kestlane, Harry"]
[Result "0-1"]
[WhiteElo "1800"]
[BlackElo "1795"]
[PlyCount "96"]
[EventDate "2013.06.18"]
[EventType "swiss"]
[EventRounds "9"]
[EventCountry "CZE"]
[SourceTitle "CBM 155 Extra"]
[Source "ChessBase"]
[SourceDate "2013.08.26"]
[SourceVersion "1"]
[SourceVersionDate "2013.08.26"]
[SourceQuality "1"]

1. d4 Nf6 2. c4 d6 3. Nc3 Nbd7 4. e4 e5 5. Nf3 Be7 6. Be2 0-0 7. 0-0 c6 8. Qc2 Qe8 9. Rd1 Bd8 10. b4 a5 11. dxe5 dxe5 12. b5 Be7 13. Bb2 Bc5 14. Na4 Qe7 15. Nxc5 Qxc5 16. a4 cxb5 17. axb5 Re8 18. Ba3 Qa7 19. c5 Nf8 20. c6 Bg4 21. Bc5 b6 22. Bd6 Bxf3 23. Bxf3 Ne6 24. Bxe5 Nc5 25. Bxf6 gxf6 26. Rd5 Re5 27. Rd4 a4 28. Ra3 Qa5 29. Be2 Qe1+ 30. Bf1 Rxe4 31. Rd2 Re7 32. Rg3+ Kh8 33. Rh3 Qe4 34. Qc3 Qe5 35. Qc4 Qf5 36. Rd5 Qe4 37. Rd4 Qf5 38. Rdh4 a3 39. Qa2 Ne4 40. Rf3 Qc5 41. Rfh3 Qf5 42. Rh5 Ng5 43. R3h4 Qe6 44. Qb1 f5 45. Rxg5 a2 46. Qd1 a1Q 47. Rxh7+ Kxh7 48. Qh5+ Qh6 0-1

[Event "IPCA Wch-A 13th"]
[Site "Velke Losiny"]
[Date "2013.06.20"]
[Round "4"]
[White "Pronin, Vladimir"]
[Black "Kurochkina, Elena"]
[Result "1-0"]
[WhiteElo "2056"]
[BlackElo "1800"]
[PlyCount "75"]
[EventDate "2013.06.18"]
[EventType "swiss"]
[EventRounds "9"]
[EventCountry "CZE"]
[SourceTitle "CBM 155 Extra"]
[Source "ChessBase"]
[SourceDate "2013.08.26"]
[SourceVersion "1"]
[SourceVersionDate "2013.08.26"]
[SourceQuality "1"]

1. e4 e6 2. Qe2 d5 3. exd5 Nf6 4. Nc3 Nxd5 5. Nxd5 Qxd5 6. Qb5+ c6 7. Qxd5 cxd5 8. d4 Bd6 9. Nf3 Nc6 10. c3 0-0 11. Bd3 Rb8 12. 0-0 b5 13. a3 Na5 14. Bc2 Nc4 15. b3 Nb6 16. Re1 Bb7 17. Bd3 Rfc8 18. Bd2 a6 19. Ne5 Rc7 20. h4 Nd7 21. Nxd7 Rxd7 22. a4 Bc6 23. axb5 Bxb5 24. c4 dxc4 25. bxc4 Bc6 26. Rxa6 Bb7 27. Raa1 Bc5 28. dxc5 Rxd3 29. Be3 Rb3 30. Red1 h6 31. Rd7 Bc6 32. Rc7 Be4 33. c6 Rb1+ 34. Rxb1 Rxb1+ 35. Kh2 Rb8 36. f3 Bd3 37. Rd7 Bxc4 38. c7 1-0

[Event "Olympiad Women-40"]
[Site "Istanbul"]
[Date "2012.09.03"]
[Round "6.3"]
[White "Latreche, Sabrina"]
[Black "Kurochkina, Elena"]
[Result "1-0"]
[WhiteElo "1949"]
[BlackElo "1797"]
[PlyCount "81"]
[EventDate "2012.08.28"]
[EventType "team-swiss"]
[EventRounds "11"]
[EventCountry "TUR"]
[SourceTitle "CBM 150 Extra"]
[Source "ChessBase"]
[SourceDate "2012.10.19"]
[SourceVersion "1"]
[SourceVersionDate "2012.10.19"]
[SourceQuality "1"]
[WhiteTeam "Algeria (W)"]
[BlackTeam "IPCA (W)"]
[WhiteTeamCountry "ALG"]

1. e4 c5 2. Nf3 Nc6 3. Nc3 e6 4. g3 g6 5. Bg2 Bg7 6. 0-0 Nge7 7. d3 0-0 8. Be3 d6 9. Qd2 Nd4 10. Nh4 e5 11. f4 f5 12. fxe5 dxe5 13. exf5 Nexf5 14. Nxf5 Bxf5 15. Bxb7 Rb8 16. Bd5+ Be6 17. Rxf8+ Qxf8 18. Bxe6+ Nxe6 19. Rf1 Qe7 20. b3 Nd4 21. Nd5 Qd6 22. c4 Nf5 23. Bg5 Re8 24. g4 Nd4 25. Bf6 Re6 26. Bxg7 Kxg7 27. Qf2 e4 28. Qf7+ Kh6 29. Nf4 Re5 30. h4 Nf3+ 31. Rxf3 exf3 32. g5+ Rxg5+ 33. hxg5+ Kxg5 34. Nh3+ Kh4 35. Qf4+ Qxf4 36. Nxf4 Kg3 37. Ne6 h5 38. Nxc5 h4 39. Ne4+ Kf4 40. Kf2 h3 41. Ng3 1-0

[Event "Olympiad Women-40"]
[Site "Istanbul"]
[Date "2012.08.28"]
[Round "1.2"]
[White "Kurochkina, Elena"]
[Black "Nikolova, Adriana"]
[Result "0-1"]
[WhiteElo "1797"]
[BlackElo "2299"]
[PlyCount "70"]
[EventDate "2012.08.28"]
[EventType "team-swiss"]
[EventRounds "11"]
[EventCountry "TUR"]
[SourceTitle "CBM 150 Extra"]
[Source "ChessBase"]
[SourceDate "2012.10.19"]
[SourceVersion "1"]
[SourceVersionDate "2012.10.19"]
[SourceQuality "1"]
[WhiteTeam "IPCA (W)"]
[BlackTeam "Bulgaria (W)"]
[BlackTeamCountry "BUL"]

1. d4 d5 2. Nf3 Nf6 3. c4 c6 4. Nc3 dxc4 5. e3 b5 6. a4 b4 7. Na2 a5 8. Bxc4 e6 9. 0-0 Nbd7 10. Bd2 Bb7 11. Nc1 Be7 12. Nd3 0-0 13. Nde5 c5 14. Rc1 Nxe5 15. Nxe5 cxd4 16. exd4 Qxd4 17. Qe2 Qe4 18. Qxe4 Bxe4 19. Be3 Rfc8 20. f3 Bb7 21. Rfd1 Nd5 22. Bf2 Bf6 23. Re1 Bxe5 24. Rxe5 Ba6 25. b3 Rc6 26. Ree1 Bxc4 27. Rxc4 Rxc4 28. bxc4 Nc3 29. Bd4 Rc8 30. Bb6 Nxa4 31. Bxa5 b3 32. Rd1 h5 33. Rd3 b2 34. Rb3 Rxc4 35. Bd2 Rc1+ 0-1

[Event "IPCA Wch-A 11th"]
[Site "Piestany"]
[Date "2011.07.07"]
[Round "7"]
[White "Kurochkina, Elena"]
[Black "Kaydanovich, Marina"]
[Result "1-0"]
[WhiteElo "1814"]
[BlackElo "1819"]
[PlyCount "95"]
[EventDate "2011.07.02"]
[EventType "swiss"]
[EventRounds "9"]
[EventCountry "SVK"]
[SourceTitle "EXT 2012"]
[Source "ChessBase"]
[SourceDate "2011.11.24"]
[SourceVersion "1"]
[SourceVersionDate "2011.11.24"]
[SourceQuality "1"]

1. d4 g6 2. c4 d6 3. Nc3 Bg7 4. Nf3 Nc6 5. e3 Bg4 6. Be2 a6 7. h3 Bd7 8. 0-0 e5 9. d5 Nce7 10. e4 f5 11. Qc2 Nf6 12. Bg5 f4 13. b4 0-0 14. c5 h6 15. Bxf6 Bxf6 16. Qb3 Bc8 17. b5 g5 18. Nh2 Kh7 19. cxd6 cxd6 20. bxa6 bxa6 21. Bg4 Bxg4 22. Nxg4 Bh8 23. Rab1 h5 24. Nh2 Ng8 25. Qb7+ Kg6 26. Rb6 Rf7 27. Qc6 Rc8 28. Qxd6+ Qxd6 29. Rxd6+ Rf6 30. Rxf6+ Nxf6 31. Rc1 Nxe4 32. Ne2 Rxc1+ 33. Nxc1 Nc3 34. d6 e4 35. Nf1 Kf6 36. Nd2 Ke6 37. Nc4 Kd5 38. d7 Bf6 39. Na5 Kd6 40. Nb7+ Kc7 41. Nc5 a5 42. a4 e3 43. fxe3 fxe3 44. Kf1 Bd4 45. d8Q+ Kxd8 46. Ne6+ Kd7 47. Nxd4 Nxa4 48. Ndb3 1-0

[Event "IPCA Wch-A 11th"]
[Site "Piestany"]
[Date "2011.07.04"]
[Round "3"]
[White "Marievsky, Maxim"]
[Black "Kurochkina, Elena"]
[Result "1-0"]
[WhiteElo "2048"]
[BlackElo "1814"]
[PlyCount "77"]
[EventDate "2011.07.02"]
[EventType "swiss"]
[EventRounds "9"]
[EventCountry "SVK"]
[SourceTitle "EXT 2012"]
[Source "ChessBase"]
[SourceDate "2011.11.24"]
[SourceVersion "1"]
[SourceVersionDate "2011.11.24"]
[SourceQuality "1"]

1. f4 d5 2. Nf3 Nf6 3. g3 g6 4. Bg2 Bg7 5. 0-0 0-0 6. d3 c5 7. h3 Nc6 8. Nbd2 Rb8 9. a4 e6 10. c4 Nb4 11. Kh2 b6 12. a5 Bb7 13. axb6 Qxb6 14. Qa4 a6 15. Ne5 Qc7 16. Ndf3 Rfd8 17. Qa5 Qxa5 18. Rxa5 Rbc8 19. Ng5 Rc7 20. Bd2 h6 21. Ngxf7 Rxf7 22. Nxf7 Kxf7 23. Rxc5 Nc2 24. cxd5 Bxd5 25. Rxc2 Rb8 26. e4 Bb3 27. Rc7+ Kf8 28. Bc3 Ba4 29. Be5 Rd8 30. d4 Bb5 31. Rfc1 Nd7 32. Bd6+ Ke8 33. e5 Bf8 34. Bxf8 Nxf8 35. Rc8 Nd7 36. d5 exd5 37. Bxd5 Nb6 38. Bf7+ Ke7 39. Rxd8 1-0

[Event "IPCA Wch-A 11th"]
[Site "Piestany"]
[Date "2011.07.02"]
[Round "1"]
[White "Bernardi, Ruben"]
[Black "Kurochkina, Elena"]
[Result "1-0"]
[WhiteElo "2162"]
[BlackElo "1814"]
[PlyCount "77"]
[EventDate "2011.07.02"]
[EventType "swiss"]
[EventRounds "9"]
[EventCountry "SVK"]
[SourceTitle "EXT 2012"]
[Source "ChessBase"]
[SourceDate "2011.11.24"]
[SourceVersion "1"]
[SourceVersionDate "2011.11.24"]
[SourceQuality "1"]

1. e4 c5 2. Nf3 Nc6 3. d4 cxd4 4. Nxd4 e5 5. Nb5 d6 6. N1c3 a6 7. Na3 b5 8. Nd5 Nf6 9. Bg5 Be7 10. Bxf6 Bxf6 11. c4 Qa5+ 12. Qd2 Qxd2+ 13. Kxd2 Bg5+ 14. Kd1 0-0 15. h4 Bh6 16. cxb5 axb5 17. Nxb5 Rb8 18. b3 Rd8 19. f3 Be6 20. g4 Bf4 21. Nxf4 exf4 22. Nc3 Ne5 23. Be2 d5 24. exd5 Bxd5 25. Nxd5 Rxd5+ 26. Ke1 Ra5 27. Kf2 Nc6 28. Rhd1 Nb4 29. a3 Nc2 30. Ra2 Ne3 31. Rd4 Kf8 32. b4 Ra7 33. a4 Ke7 34. a5 Ke6 35. Re4+ Kd6 36. Rd2+ Kc6 37. Rxf4 Re8 38. Re4 Rxe4 39. fxe4 1-0

[Event "Olympiad Women-39"]
[Site "Khanty-Mansiysk"]
[Date "2010.09.30"]
[Round "9.36"]
[White "Kurochkina, Elena"]
[Black "Guo, Emma"]
[Result "0-1"]
[WhiteElo "1821"]
[BlackElo "1964"]
[PlyCount "124"]
[EventDate "2010.09.21"]
[EventType "team-swiss"]
[EventRounds "11"]
[EventCountry "RUS"]
[SourceTitle "CBM 139"]
[Source "ChessBase"]
[SourceDate "2010.11.18"]
[SourceVersion "1"]
[SourceVersionDate "2010.11.18"]
[SourceQuality "1"]
[WhiteTeam "IPCA (W)"]
[BlackTeam "Australia (W)"]
[BlackTeamCountry "AUS"]

1. d4 g6 2. c4 c5 3. d5 b5 4. cxb5 a6 5. e3 Bg7 6. Nc3 Nf6 7. Nf3 d6 8. bxa6 0-0 9. Bc4 Bxa6 10. Bxa6 Nxa6 11. 0-0 Nd7 12. a4 Nb4 13. Bd2 Qb6 14. Rb1 Qa6 15. b3 Rab8 16. e4 Rfc8 17. Nb5 Qb6 18. Be3 Qb7 19. Nd2 Nf6 20. f3 Ne8 21. Nc4 Nc7 22. Nba3 Na8 23. Qd2 Nb6 24. Na5 Qa7 25. N3c4 Nxc4 26. Nxc4 Qc7 27. Na3 Rb7 28. Nb5 Qd7 29. Rfc1 Ra8 30. Qe2 f5 31. Bd2 fxe4 32. Qxe4 Na6 33. Bc3 Bxc3 34. Rxc3 Nb4 35. Re3 Rf8 36. Na3 Rf5 37. Qe6+ Qxe6 38. dxe6 Nd5 39. Ree1 Nc3 40. Rb2 Nxa4 41. Rbb1 Nc3 42. Rb2 Rf8 43. Nc4 Nd5 44. Kf2 Nf4 45. Re3 Rf6 46. Na5 Rc7 47. Rc2 Rxe6 48. b4 Rxe3 49. Kxe3 Nd5+ 50. Ke4 Nxb4 51. Rb2 Ra7 52. Nb3 Ra2 53. Rxa2 Nxa2 54. Kd5 Kf7 55. Nd2 Nb4+ 56. Kc4 Ke6 57. Nb3 Nc2 58. Kc3 Ne1 59. Nd2 Nxg2 60. Ne4 h6 61. Nf2 Nh4 62. f4 Kf5 0-1

[Event "Olympiad Women-39"]
[Site "Khanty-Mansiysk"]
[Date "2010.09.24"]
[Round "4.36"]
[White "Yakupova, Aysyla"]
[Black "Kurochkina, Elena"]
[Result "1-0"]
[WhiteElo "2117"]
[BlackElo "1821"]
[PlyCount "77"]
[EventDate "2010.09.21"]
[EventType "team-swiss"]
[EventRounds "11"]
[EventCountry "RUS"]
[SourceTitle "CBM 139"]
[Source "ChessBase"]
[SourceDate "2010.11.18"]
[SourceVersion "1"]
[SourceVersionDate "2010.11.18"]
[SourceQuality "1"]
[WhiteTeam "Russia (W) III"]
[BlackTeam "IPCA (W)"]
[WhiteTeamCountry "RUS"]

1. e4 e6 2. d4 d5 3. Nd2 Nf6 4. e5 Nfd7 5. f4 c5 6. c3 Nc6 7. Ndf3 Qb6 8. a3 c4 9. Qc2 Be7 10. h4 f6 11. Nh3 Na5 12. Be3 Qc7 13. g3 Nb6 14. Bg2 Bd7 15. 0-0 0-0-0 16. Qe2 Rde8 17. g4 Bd8 18. Qf2 Ref8 19. Qg3 Na4 20. Rab1 Nb6 21. Qf2 Be8 22. h5 h6 23. Nh4 Rhg8 24. Ng6 Bxg6 25. hxg6 Qe7 26. Qc2 f5 27. gxf5 Rxf5 28. Bf3 Qh4 29. Qg2 Rgf8 30. Bg4 Na8 31. Bxf5 Rxf5 32. Nf2 Nc7 33. Nh1 Nb3 34. Ng3 Rf8 35. f5 Qg4 36. fxe6 Nxe6 37. Nf5 Qxg2+ 38. Kxg2 Kd7 39. Nxg7 1-0

[Event "IPCA Wch 10th"]
[Site "Bialystok"]
[Date "2010.07.02"]
[Round "9"]
[White "Relidzynski, Tadeusz"]
[Black "Kurochkina, Elena"]
[Result "1-0"]
[WhiteElo "1941"]
[BlackElo "1827"]
[PlyCount "128"]
[EventDate "2010.06.26"]
[EventType "swiss"]
[EventRounds "9"]
[EventCountry "POL"]
[SourceTitle "EXT 2012"]
[Source "ChessBase"]
[SourceDate "2011.11.24"]
[SourceVersion "1"]
[SourceVersionDate "2011.11.24"]
[SourceQuality "1"]

1. e4 e6 2. d4 d5 3. Nd2 dxe4 4. Nxe4 Nd7 5. Nf3 Ngf6 6. Ng3 Be7 7. Bd3 0-0 8. 0-0 c5 9. c3 cxd4 10. Nxd4 Qc7 11. Qe2 b6 12. Bc4 Qe5 13. Qf3 Nd5 14. Nc6 Qd6 15. Bxd5 exd5 16. Qxd5 Ba6 17. Qxd6 Bxd6 18. Re1 Nc5 19. Nb4 Bb7 20. Be3 Rfe8 21. Bxc5 Bxc5 22. Nc2 g6 23. b4 Bf8 24. Nd4 Rac8 25. Rxe8 Rxe8 26. Kf1 Bg7 27. Nge2 Bd5 28. f3 Bc4 29. Kf2 Rc8 30. Rc1 a5 31. a3 axb4 32. axb4 Ra8 33. Rc2 Kf8 34. f4 Ra2 35. Rxa2 Bxa2 36. Ke3 Bc4 37. g4 h6 38. Ke4 Ke7 39. Ng3 Kd6 40. f5 b5 41. h4 Be5 42. Nge2 Bd5+ 43. Ke3 Bc4 44. fxg6 fxg6 45. h5 gxh5 46. gxh5 Bxe2 47. Nxe2 Kd5 48. Kd3 Kc6 49. Nd4+ Kb6 50. Nf5 Bf4 51. c4 bxc4+ 52. Kxc4 Bg5 53. Nd4 Bd2 54. b5 Be3 55. Nc2 Bc1 56. Nb4 Bd2 57. Nd5+ Kb7 58. Kc5 Bc1 59. b6 Ba3+ 60. Kb5 Bd6 61. Nc3 Be5 62. Na4 Bd4 63. Nc5+ Kb8 64. Kc6 Be3 1-0